| 000 | 00447nam a22001337a 4500 | ||
|---|---|---|---|
| 008 | 141211b xxu||||| |||| 00| 0 eng d | ||
| 050 | _aSPC JN248.C592 | ||
| 100 |
_aCommonwealth Secretariat _913399 |
||
| 245 |
_aFourth Report to Heads of Govenment _cCommonwealth Secretariat |
||
| 260 |
_aLondon _bCommonwealth Secretariat _c1973 |
||
| 300 |
_axx, 73cm. ; _c21cm. |
||
| 650 |
_acommonwealth (Organisation) _xPeriodicals _913400 |
||
| 942 |
_2lcc _cSPC |
||
| 999 |
_c121497 _d121497 |
||